000 00583nam a2200241Ia 4500
003 IT-RoPAU
005 20220918175739.0
008 120407s9999 xx 000 0 und d
040 _aIT-RoPAU
040 _cIT-RoPAU
041 _aita
100 _aAndrea Gemma
_935667
245 _aReligiosi, oggi e domani. Corso di esercizi spirituali sul rinnovamento della vita religiosa
250 _aAlba
260 _aEdizioni Paoline
260 _c1971
300 _a192 p.
300 _c23 cm
490 _a1. Religiosi.
490 _v1
942 _cBK
_2ddc
999 _c27998
_d27998